[Event "FIN-ch 2018"]
[Site "Helsinki"]
[Date "2018.06.17"]
[Round "7"]
[White "Karttunen, Mika"]
[Black "Agopov, Mikael"]
[Result "1-0"]
[WhiteElo "2466"]
[BlackElo "2436"]
[Annotator "TA"]
[PlyCount "185"]
[EventDate "2018.06.13"]
[EventType "tourn"]
[EventCountry "FIN"]
[SourceTitle "playchess.com"]
[Source "ChessBase"]
[SourceQuality "1"]

{[%evp 22,185,51,0,51,50,50,50,41,45,41,41,46,41,43,44,45,37,39,45,60,51,50,47,61,63,139,135,141,126,127,61,63,60,106,106,106,106,116,113,112,114,108,103,127,110,129,85,86,85,87,88,88,87,86,86,86,86,85,85,85,89,89,87,83,82,82,82,82,82,82,81,81,81,81,81,117,54,50,31,66,62,88,68,71,75,77,77,83,77,74,59,80,82,82,82,82,89,84,85,127,114,123,85,70,89,62,84,69,75,1645,497,823,743,494,0,768,760,1048,1120,925,854,1322,1124,1154,1056,1026,998,916,905,1564,1373,1173,1101,697,213,12843,12843,12843,12843,12846,12847,12847,12847,12847,0,12847,0,12847,12846,12847,0,12846,0,12846,12846,12846,12847,12850,29980,29984,29985,29985,29986,29986,29987]} 1. d4 Nf6 2. c4 e6 3. Nc3 Bb4 4. e3 O-O 5. Bd3 d5 6. Nf3 c5 7. O-O Nc6 8. a3 Ba5 9. cxd5 exd5 10. dxc5 Bxc3 11. bxc3 Bg4 12. a4 {LiveBook: 6 Games. E56: Nimzo-Indian: Rubinstein: Main Line: 7...Nc6} (12. c4 $14) 12... Ne4 $146 (12... Re8 $11) ({Predecessor:} 12... Qa5 13. Qc2 Bxf3 14. gxf3 Ne5 15. Be2 Rfc8 16. Ba3 Ned7 17. Rfb1 Qc7 18. c4 dxc4 19. Bxc4 Nxc5 {1-0 (62) Korotylev,A (2600)-Landa,K (2678) Serpukhov 2007}) 13. Bxe4 $14 dxe4 14. Qxd8 {White is slightly better.} Rfxd8 15. Nd4 Na5 16. Ba3 Bd7 17. Rfb1 a6 18. h3 g6 19. Rb6 {And now Bb4 would win.} Rab8 20. c6 Nxc6 21. Bd6 Ra8 22. Bc7 $36 {[%mdl 2048] White is pushing.} Rdc8 23. Rxb7 Ra7 ({Better is} 23... Nxd4 $14 24. exd4 Bc6) 24. Rxa7 $16 Nxa7 25. Bb6 Nc6 26. Nxc6 (26. Nb3 $1 $16) 26... Rxc6 {[%mdl 4096] Endgame KRB-KRB} 27. Rd1 Be8 28. Rd8 Kf8 29. a5 Ke7 {White should prevent ...Rxb6.} 30. Ra8 Rxc3 31. Rxa6 Bb5 32. Ra8 Rc1+ 33. Kh2 Ra1 34. Kg3 Ra2 35. Rc8 h5 36. Rc5 Bd3 37. h4 Ke6 38. Rc6+ Kd7 39. Rc1 Ke6 40. Rc5 Kd6 41. Rc7 Ke6 42. Ra7 Bc4 43. Bd8 Kd6 44. Rc7 Bb3 45. Rc3 Bd5 46. Bc7+ Kd7 47. Rc5 Bc6 48. Be5 Ra4 49. Bd4 ({White should try} 49. Kf4 $16) 49... Kd6 $14 50. f3 Ra2 51. Rg5 Bd5 52. Bb6 Bb7 53. Rb5 Ba6 54. Rb4 Bd3 55. fxe4 Bf1 56. Kf4 Rxg2 57. e5+ Ke6 58. Bd4 Rg4+ 59. Kf3 Bg2+ 60. Kf2 Bd5 61. Rb6+ Kf5 62. Rd6 Ke4 63. a6 $1 Rxh4 64. Kg2 Rg4+ 65. Kf1 $1 Rh4 $2 {[%mdl 8192] [#]} (65... Ba8 $16) 66. a7 (66. Rxd5 $142 $1 {[%mdl 512]} Kf3 (66... Kxd5 67. a7) 67. Ke1 Rh1+ 68. Kd2 Rh2+ 69. Kd3) 66... Kf3 (66... Ba8 $142 67. Rd8 Bc6) 67. Rf6+ Ke4 {[#]} 68. Rd6 (68. Rxf7 $142 $3 {[%mdl 512]} Rh1+ (68... Bxf7 69. a8=Q+) 69. Kf2 Rh2+ 70. Kg3) 68... Kf3 $1 $18 {[%cal Rh4h1]} 69. Ke1 Rh1+ 70. Kd2 Rh2+ 71. Kc3 Be4 72. Rf6+ Kg3 73. Rxf7 Rc2+ 74. Kb4 Rc8 75. e6 {[%cal Be5e6,Be6e7][%mdl 32]} h4 76. Be5+ Kg2 77. e7 Re8 78. Rf4 $2 (78. Kc5) 78... Ba8 $2 (78... Rxe7 79. Rxe4 Rxa7 80. Rxh4 g5 81. Rh2+ Kf3 82. Rh3+ Kg2 83. Rh2+ Kf3 84. Rh3+ Kg2) 79. Rf8 Rxe7 80. Rxa8 Rxe5 {KR-KR} 81. Rg8 Re4+ 82. Kb5 Re5+ 83. Kb4 Re4+ 84. Kb5 Re5+ 85. Kb6 Re6+ 86. Kb5 Re5+ 87. Kb6 Re6+ 88. Kb7 Re7+ 89. Kb8 Rxa7 90. Rxg6+ Kh1 {White mates.} 91. Kxa7 h3 92. e4 h2 93. Rh6 {Precision: White = 70%, Black = 58%.} 1-0

[Event "FIN-ch 2018"]
[Site "Helsinki"]
[Date "2018.06.17"]
[Round "7"]
[White "Sammalvuo, Tapani"]
[Black "Keinanen, Toivo"]
[Result "0-1"]
[WhiteElo "2435"]
[BlackElo "2341"]
[Annotator "TA"]
[PlyCount "56"]
[EventDate "2018.06.13"]
[EventType "tourn"]
[EventCountry "FIN"]
[SourceTitle "playchess.com"]
[Source "ChessBase"]
[SourceQuality "1"]

{[%evp 19,56,8,14,13,27,0,-8,-7,-6,-7,-2,-4,8,2,10,5,4,-46,-37,-53,-53,-53,-50,-189,-116,-391,-398,-555,-554,-759,-758,-742,-714,-980,-913,-928,-896,-29996,-29997]} 1. d4 d5 2. c4 c5 3. cxd5 Qxd5 4. Nf3 cxd4 5. Nc3 Qa5 6. Nxd4 {D06: Queen's Gambit: Symmetrical and Baltic Defences} Nf6 7. g3 e5 8. Nb3 Qc7 9. Bg2 Bb4 10. Bd2 O-O {LiveBook: 10 Games} 11. Rc1 {Hoping for Nd5.} (11. O-O Rd8 12. Qc1 {0-1 (49) Vallejo Pons,F (2711)-Mamedyarov,S (2768) Doha 2016}) 11... Nc6 $146 12. a3 Be7 13. Bg5 Rd8 14. Qc2 Be6 {And now ...Qb6 would win.} 15. e3 Bc4 {aiming for ...Bd3.} 16. Bxf6 Bxf6 17. Ne4 Bd3 $132 {[%mdl 2048] Black puts up resistance} 18. Nxf6+ gxf6 19. Qc3 {Threatens to win with Nc5.} Rac8 20. Nc5 Na5 $1 {[%cal Bc6a5,Ba5b3,Bb3c1][%mdl 32]} 21. Qb4 {[#]} ({White should try} 21. Nxd3 $15 Qxc3+ 22. bxc3 Rxd3 23. Ke2 Rdxc3 24. Rxc3 Rxc3 25. Rd1) 21... Ba6 (21... Bc4 $1 $19 {[%mdl 512]} 22. b3 (22. Nxb7 $2 Nxb7 23. Bxb7 a5 $19) (22. Rxc4 Nxc4) 22... Qxc5 23. bxc4 b6) 22. Qg4+ $2 {[%mdl 8192]} (22. Bf1 $17 {is a better defense.} Qc6 23. Rg1 Bxf1 24. Rxf1) 22... Kh8 $19 23. b4 {[#]} Nb3 $1 {[%mdl 512]} 24. Qf3 (24. Nxb3 Qxc1+) 24... Nxc1 25. Qxf6+ Kg8 {[%cal Bh8g8,Bg8f8,Bf8e8][%mdl 32]} 26. Qg5+ Kf8 27. Qh6+ Ke8 {White must now prevent ...Nd3+.} 28. Qd6 Qxd6 {Precision: White = 27%, Black = 86%.} 0-1

[Event "FIN-ch 2018"]
[Site "Helsinki"]
[Date "2018.06.17"]
[Round "7"]
[White "Niemi, Kalle"]
[Black "Luukkonen, Tommi"]
[Result "0-1"]
[WhiteElo "2336"]
[BlackElo "2349"]
[Annotator "NA"]
[PlyCount "96"]
[EventDate "2018.06.13"]
[EventType "tourn"]
[EventCountry "FIN"]
[SourceTitle "playchess.com"]
[Source "ChessBase"]
[SourceQuality "1"]
[TimeControl "40/5400+30:1800+30"]

1. e4 {[%emt 0:00:00]} c5 {[%emt 0:00:06]} 2. Nf3 {[%emt 0:00:00]} d6 {[%emt 0:00:04]} 3. d4 {[%emt 0:00:00]} cxd4 {[%emt 0:00:04]} 4. Nxd4 {[%emt 0:00:00]} Nf6 {[%emt 0:00:03]} 5. Nc3 {[%emt 0:00:07]} a6 {[%emt 0:00:04]} 6. Be3 {[%emt 0:00:17]} e6 {[%emt 0:00:22] LiveBook: 6518 Games} 7. f3 {[%emt 0:00:15]} b5 {[%emt 0:00:05]} 8. Qd2 {[%emt 0:00:24]} b4 {[%emt 0:00:10] B80: Sicilian Scheveningen: 6 g3 and 6 Be3, including English Attack} 9. Nce2 {[%emt 0:01:12]} (9. Na4 Nbd7 10. O-O-O Qa5 11. b3 Bb7 12. a3 Qc7 13. axb4 d5 14. Bf2 Bd6 15. exd5 Nxd5 16. Bg3 {1-0 (36) Nakamura,H (2781)-Grandelius,N (2647) Caleta 2018}) 9... e5 {[%emt 0:00:09]} 10. Nb3 {[%emt 0:01:57]} a5 {[%emt 0:00:04]} 11. c4 {[%emt 0:03:58]} Be6 {[%emt 0:01:46]} 12. Rc1 $146 {[%emt 0:01:33]} ({Predecessor:} 12. Ng3 Nbd7 13. Nc1 h5 14. Bd3 h4 15. Nge2 Rc8 16. b3 {1-0 (52) Petenyi,T (2443)-Artemiev,V (2658) Novi Sad 2016}) 12... a4 {[%emt 0:02:20]} 13. Na1 {[%emt 0:00:11]} Nc6 {[%emt 0:01:09]} 14. Ng3 {[%emt 0:06:55]} Qa5 {[%emt 0:11:33]} 15. Bd3 {[%emt 0:02:35]} (15. Nf5 $11 {keeps the balance.}) 15... Be7 {[%emt 0:04:45]} 16. O-O {[%emt 0:00:44]} O-O {[%emt 0:01:33]} 17. Nf5 {[%emt 0:06:29]} Bxf5 $1 {[%emt 0:00:50]} 18. exf5 {[%emt 0:00:05]} Rfd8 {[%emt 0:10:02]} 19. Qf2 {[%emt 0:05:10]} Rab8 {[%emt 0:03:49]} 20. g4 {[%emt 0:01:02]} e4 {[%emt 0:03:12]} 21. Bxe4 {[%emt 0:02:45]} Ne5 {[%emt 0:08:22]} 22. Bb1 {[%emt 0:02:02]} d5 {[%emt 0:03:30]} 23. g5 {[%emt 0:05:53]} d4 {[%emt 0:02:10]} 24. Bd2 {[%emt 0:03:51]} Nh5 {[%emt 0:06:44]} (24... d3 $16 25. gxf6 Bxf6) 25. Qh4 {[%emt 0:05:18]} g6 {[%emt 0:00:46]} 26. f4 {[%emt 0:02:56]} d3 {[%emt 0:10:30]} 27. fxe5 {[%emt 0:09:33] [#]} Bc5+ $1 {[%emt 0:01:14]} 28. Kg2 {[%emt 0:01:18] [#]} Qa8+ $1 {[%emt 0:00:38]} 29. Rf3 {[%emt 0:00:34] [#]} Rd4 $1 {[%emt 0:00:09]} 30. Qh3 {[%emt 0:00:36]} Rf4 {[%emt 0:02:45]} 31. Re1 {[%emt 0:04:10]} Rd8 {[%emt 0:01:21]} 32. e6 {[%emt 0:05:10]} fxe6 {[%emt 0:01:33]} 33. fxg6 {[%emt 0:05:14]} hxg6 {[%emt 0:00:20]} 34. Rxe6 {[%emt 0:02:49]} Kg7 $18 {[%emt 0:02:28]} 35. Qxh5 {[%emt 0:10:12]} gxh5 {[%emt 0:00:12]} 36. Bxf4 {[%emt 0:00:09]} Kf7 {[%emt 0:02:49]} 37. Rh6 {[%emt 0:03:50]} Ke7 {[%emt 0:02:27]} 38. Kg3 {[%emt 0:02:32]} Qe4 {[%emt 0:01:12]} 39. Rxh5 {[%emt 0:04:07]} Qe1+ {[%emt 0:00:30]} 40. Kh3 {[%emt 0:00:00]} Qxb1 {[%emt 0:00:54]} 41. Rh7+ {[%emt 0:06:50]} Ke6 {[%emt 0:03:09]} 42. Rh6+ {[%emt 0:14:21]} Kd7 {[%emt 0:00:32]} 43. g6 {[%emt 0:08:18]} Bd4 {[%emt 0:02:25]} 44. Rh7+ {[%emt 0:02:38]} Kc6 {[%emt 0:01:03]} 45. g7 {[%emt 0:02:00]} Rg8 {[%emt 0:02:15]} 46. Rh6+ {[%emt 0:01:26]} Kb7 {[%emt 0:02:19]} 47. Be5 {[%emt 0:00:19]} Bxe5 {[%emt 0:00:26]} 48. Rf7+ {[%emt 0:00:04]} Bc7 0-1

[Event "FIN-ch 2018"]
[Site "Helsinki"]
[Date "2018.06.17"]
[Round "7"]
[White "Nyysti, Sampsa"]
[Black "Koykka, Pekka"]
[Result "1/2-1/2"]
[WhiteElo "2322"]
[BlackElo "2345"]
[Annotator "NA"]
[PlyCount "83"]
[EventDate "2018.06.13"]
[EventType "tourn"]
[EventCountry "FIN"]
[SourceTitle "playchess.com"]
[Source "ChessBase"]
[SourceQuality "1"]
[TimeControl "40/5400+30:1800+30"]

1. e4 {[%emt 0:00:00]} e6 {[%emt 0:00:11]} 2. d4 {[%emt 0:00:00]} d5 {[%emt 0:00:05]} 3. Nc3 {[%emt 0:00:00]} Bb4 {[%emt 0:00:11]} 4. e5 {[%emt 0:00:00]} c5 {[%emt 0:00:13]} 5. a3 {[%emt 0:00:08]} Ba5 {[%emt 0:00:12]} (5... Bxc3+ $5 6. bxc3 Ne7 $11) 6. b4 {[%emt 0:03:51]} cxd4 {[%emt 0:00:33]} 7. Qg4 {[%emt 0:13:18]} Kf8 {[%emt 0:00:23] LiveBook: 69 Games C18: French: 3 Nc3 Bb4: Main line: 7 h4 and 7 Qg4} 8. Qxd4 {[%emt 0:08:22]} (8. Nb5 Bc7 9. Qg3 Nc6 10. f4 a6 11. Nxc7 Qxc7 12. Bb2 Nge7 13. Bd3 Nf5 14. Qf2 Bd7 15. Nf3 {1-0 (29) Fedoseev,V (2724)-Mamedyarov,S (2809) Moscow 2018}) 8... Bb6 {[%emt 0:05:18]} 9. Qd2 $146 {[%emt 0:00:07]} ({Predecessor:} 9. Qf4 Ne7 10. Bd3 Ng6 11. Bxg6 hxg6 12. Nf3 Kg8 13. Nb5 Qe7 14. Bb2 Nd7 15. c4 {½-½ (54) Bodnaruk,A (2428)-Bivol,A (2354) Kaliningrad 2015}) 9... Nc6 {[%emt 0:01:53]} 10. Nf3 {[%emt 0:05:43]} Nge7 {[%emt 0:04:54]} 11. Bb2 {[%emt 0:03:14]} Ng6 {[%emt 0:03:03]} 12. O-O-O {[%emt 0:05:06]} Bc7 {[%emt 0:08:45]} 13. Nb5 {[%emt 0:09:05]} Bb8 {[%emt 0:11:24]} 14. Qe3 {[%emt 0:06:03]} a6 {[%emt 0:09:56]} 15. Nbd4 {[%emt 0:02:03]} Ncxe5 {[%emt 0:05:55]} 16. Nxe5 {[%emt 0:00:31]} Bxe5 {[%emt 0:00:53]} 17. Nxe6+ {[%emt 0:01:38]} Bxe6 {[%emt 0:00:55]} 18. Bxe5 {[%emt 0:00:07]} Nxe5 {[%emt 0:00:33]} 19. Qxe5 {[%emt 0:00:02]} a5 {[%emt 0:05:20]} 20. Qd4 {[%emt 0:14:27]} h5 {[%emt 0:08:55]} 21. Kb2 {[%emt 0:08:26]} Rh6 {[%emt 0:08:01]} 22. Bc4 {[%emt 0:02:57]} Qc7 {[%emt 0:07:08]} 23. Bb3 {[%emt 0:01:09]} Rf6 {[%emt 0:00:46]} 24. g3 $11 {[%emt 0:01:02]} Bg4 {[%emt 0:08:22]} 25. Rd3 {[%emt 0:03:04]} Bf3 {[%emt 0:00:27]} 26. Re1 {[%emt 0:00:26]} Be4 {[%emt 0:00:57]} 27. Rc3 {[%emt 0:00:20]} Qd6 {[%emt 0:00:18]} 28. f4 {[%emt 0:03:12]} axb4 {[%emt 0:00:37]} 29. Qxb4 {[%emt 0:00:24]} Qxb4 {[%emt 0:00:23]} 30. axb4 {[%emt 0:00:02]} Rb6 {[%emt 0:00:08]} 31. Rc5 {[%emt 0:03:23]} Rxb4 {[%emt 0:00:21]} 32. Kc3 {[%emt 0:00:11]} Rb6 {[%emt 0:02:36]} 33. Bxd5 {[%emt 0:00:11]} Bxd5 {[%emt 0:00:19]} 34. Rxd5 {[%emt 0:00:01]} g6 {[%emt 0:03:58]} 35. Rd7 {[%emt 0:00:37]} h4 {[%emt 0:00:25]} 36. Kd2 {[%emt 0:02:32]} Ra3 {[%emt 0:01:49]} 37. Re3 {[%emt 0:01:06]} Rxe3 {[%emt 0:00:43]} 38. Kxe3 {[%emt 0:00:04]} Re6+ {[%emt 0:00:34]} 39. Kf3 {[%emt 0:01:17]} hxg3 {[%emt 0:01:01]} 40. hxg3 {[%emt 0:00:00]} Rc6 {[%emt 0:00:10]} 41. Rxb7 {[%emt 0:00:19]} Rxc2 {[%emt 0:00:44]} 42. Ke4 1/2-1/2

[Event "FIN-ch 2018"]
[Site "Helsinki"]
[Date "2018.06.17"]
[Round "7"]
[White "Jarvenpaa, Jari"]
[Black "Sipila, Vilka"]
[Result "0-1"]
[WhiteElo "2310"]
[BlackElo "2383"]
[Annotator "NA"]
[PlyCount "70"]
[EventDate "2018.06.13"]
[EventType "tourn"]
[EventCountry "FIN"]
[SourceTitle "playchess.com"]
[Source "ChessBase"]
[SourceQuality "1"]
[TimeControl "40/5400+30:1800+30"]

1. Nf3 {[%emt 0:00:00]} Nf6 {[%emt 0:00:13]} 2. c4 {[%emt 0:00:00]} g6 {[%emt 0:00:06]} 3. Nc3 {[%emt 0:00:08]} Bg7 {[%emt 0:00:04]} 4. e4 {[%emt 0:01:00]} d6 {[%emt 0:00:05]} 5. d4 {[%emt 0:00:07]} O-O {[%emt 0:00:06]} 6. h3 {[%emt 0:00:04]} e5 {[%emt 0:00:19]} 7. d5 {[%emt 0:00:24]} Na6 {[%emt 0:00:11]} 8. Bd3 {[%emt 0:02:25]} Nh5 {[%emt 0:00:49] LiveBook: 16 Games E90: King's Indian: Classical: Early deviations and 6 h3} 9. g3 {[%emt 0:02:45]} (9. O-O Nc5 10. Bc2 a5 11. Re1 Bd7 12. Rb1 Qe8 13. Be3 b6 14. a3 a4 15. Nd2 Kh8 16. Qe2 {0-1 (56) Morozevich,A (2788)-Grischuk,A (2728) Moscow 2008}) 9... f5 {[%emt 0:00:23]} 10. exf5 {[%emt 0:01:26]} gxf5 {[%emt 0:00:12]} 11. Nh4 {[%emt 0:13:52]} Nf4 {[%emt 0:11:41]} 12. Bxf4 $146 {[%emt 0:06:31]} ({Predecessor:} 12. Bc2 Qf6 13. Bxf4 exf4 14. O-O Bd7 15. Ng2 fxg3 16. fxg3 {0-1 (61) Johansson,T (2173)-Markidis,K (2342) Sunny Beach 2010}) 12... exf4 {[%emt 0:00:06]} 13. Qh5 {[%emt 0:03:58]} Nb4 {[%emt 0:06:45]} 14. O-O-O {[%emt 0:09:11]} Qf6 {[%emt 0:01:06]} 15. Kb1 {[%emt 0:00:38]} fxg3 {[%emt 0:25:45]} 16. fxg3 {[%emt 0:00:46]} Bd7 {[%emt 0:03:42]} 17. Rhf1 {[%emt 0:13:31]} Nxd3 {[%emt 0:00:12]} 18. Rxd3 {[%emt 0:00:03]} Rae8 {[%emt 0:01:57]} 19. g4 {[%emt 0:08:48]} f4 {[%emt 0:00:39]} 20. Rdf3 {[%emt 0:06:48]} Re5 {[%emt 0:12:44]} 21. Nf5 {[%emt 0:00:18] [#]} Bxf5+ $2 {[%emt 0:00:15]} (21... Be8 $1 $19 {[%cal Re8h5] is more deadly.} 22. Nxg7 Bxh5 23. Nxh5 Qg6+ 24. Kc1 Re3 25. Rxf4 Rxf4 26. Nxf4 Qf6) 22. gxf5 {[%emt 0:00:10]} Rxf5 {[%emt 0:01:08]} 23. Qg4 {[%emt 0:01:34]} Qd4 {[%emt 0:00:24]} 24. Rg1 {[%emt 0:03:12]} Kh8 {[%emt 0:02:03]} 25. Qg2 {[%emt 0:03:31]} Re8 {[%emt 0:01:06]} 26. a3 {[%emt 0:02:56]} Rf7 {[%emt 0:04:13]} 27. Qf1 {[%emt 0:03:54]} Rfe7 {[%emt 0:01:01]} 28. Rh1 {[%emt 0:00:28]} (28. Qd1 $142) 28... Re2 {[%emt 0:00:23]} 29. Qc1 {[%emt 0:03:22]} R2e3 {[%emt 0:06:55]} 30. Rxe3 {[%emt 0:01:41]} Rxe3 {[%emt 0:00:06]} 31. Nb5 {[%emt 0:03:20]} Qd3+ {[%emt 0:00:50]} 32. Qc2 {[%emt 0:00:42]} Rxh3 $17 {[%emt 0:04:09]} ({Black should play} 32... Qe2 $19 33. Qxe2 Rxe2) 33. Rxh3 {[%emt 0:03:57]} Qxh3 {[%emt 0:00:07]} 34. Qe4 {[%emt 0:00:48]} Be5 {[%emt 0:00:11]} 35. c5 {[%emt 0:01:34]} Qf1+ {[%emt 0:00:13]} 0-1

[Event "FIN-ch 2018"]
[Site "Helsinki"]
[Date "2018.06.18"]
[Round "8"]
[White "Agopov, Mikael"]
[Black "Niemi, Kalle"]
[Result "1-0"]
[WhiteElo "2436"]
[BlackElo "2336"]
[Annotator "TA"]
[PlyCount "85"]
[EventDate "2018.06.13"]
[EventType "tourn"]
[EventCountry "FIN"]
[SourceTitle "playchess.com"]
[Source "ChessBase"]
[SourceQuality "1"]

{[%evp 24,85,63,53,49,2,108,102,97,108,110,65,93,56,110,118,131,123,134,134,137,131,172,160,197,185,183,139,204,154,145,140,146,147,151,164,175,159,176,177,184,171,172,161,174,184,191,184,176,192,190,188,204,111,397,390,428,386,1121,1108,1268,892,1274,1260]} 1. e4 c5 2. Nf3 Nc6 3. d4 cxd4 4. Nxd4 Qb6 5. Nb3 Nf6 6. Nc3 e6 7. Qe2 Bb4 8. Bd2 O-O 9. a3 {B33: Sicilian: Pelikan and Sveshnikov Variations} Be7 10. O-O-O d5 11. e5 Nd7 12. f4 Nc5 13. Nxc5 {LiveBook: 11 Games} Qxc5 14. Be1 {With the idea Na4.} Rd8 (14... a6 $11 {remains equal.}) 15. Na4 $16 Qc4 16. Qxc4 dxc4 17. Bxc4 Rxd1+ 18. Kxd1 Bd7 (18... b6 $14) 19. Nc3 Rc8 20. Bd3 a6 21. Ne4 b5 22. Rf1 Nd4 23. Bf2 Nf5 24. g4 Nh4 25. Nd6 Rd8 (25... Bxd6 $16 26. exd6 Ng6) 26. Bb6 Rf8 27. Bc5 Bc6 28. Ne4 Bxc5 29. Nxc5 a5 30. Nb3 Bg2 {[#]} 31. Rf2 $1 ({And not} 31. Nxa5 Bxf1 32. Bxf1 Rd8+ 33. Ke2 Rc8 $11) 31... b4 32. Nxa5 bxa3 33. bxa3 Ra8 34. Nc4 Bd5 35. Nb6 Rxa3 36. Nxd5 exd5 $18 {[%mdl 4096] Endgame [#] KRB-KRN} 37. f5 $1 Kf8 38. Rf4 (38. Kd2 $18) 38... h6 $2 {[%mdl 8192]} (38... g5 $16 {was called for.} 39. Rb4 Ra8) 39. Ke2 Ke7 40. Rb4 Ra1 $2 (40... Ra8 41. Rb7+ Kf8) 41. Rb7+ {White is clearly winning.} Kf8 42. Rb8+ Ke7 43. Bb5 {Precision: White = 71%, Black = 24%.} 1-0

[Event "FIN-ch 2018"]
[Site "Helsinki"]
[Date "2018.06.18"]
[Round "8"]
[White "Sammalvuo, Tapani"]
[Black "Karttunen, Mika"]
[Result "1/2-1/2"]
[WhiteElo "2435"]
[BlackElo "2466"]
[Annotator "TA"]
[PlyCount "74"]
[EventDate "2018.06.13"]
[EventType "tourn"]
[EventCountry "FIN"]
[SourceTitle "playchess.com"]
[Source "ChessBase"]
[SourceQuality "1"]

{[%evp 22,74,108,105,103,109,107,101,102,89,88,42,40,39,69,66,66,58,87,31,31,19,26,30,19,25,39,40,42,43,43,38,50,50,60,3,3,10,10,0,0,0,0,0,0,0,0,0,0,0,0,0,0,0,0]} 1. d4 Nf6 2. c4 g6 3. Nc3 Bg7 4. e4 d6 5. Be2 O-O 6. Nf3 {[%cal Bg1f3,Bf3d2,Bd2b3][%mdl 32]} e5 7. O-O Nc6 8. d5 Ne7 9. Nd2 c6 10. b4 a5 {E97: King's Indian: Classical Main Line (6...e5 7 0-0 Nc6): 8 Be3 and 8 d5 Ne7, not 9 Ne1} 11. bxa5 c5 12. Nb3 {LiveBook: 5 Games} Ne8 {White is better.} 13. Na4 f5 14. Nb6 Ra7 15. Bg5 Nf6 16. Nxc5 dxc5 17. d6 Rxa5 18. dxe7 Qxe7 19. Bf3 Be6 20. Nd5 (20. exf5 $16 gxf5 21. Bd5) 20... Bxd5 $1 $14 21. Bxf6 Bxf6 22. Qxd5+ Kh8 {[#] Threatens to win with ...Rd8.} 23. Rab1 Rd8 24. Qxb7 Rxa2 25. Qxe7 Bxe7 26. Rb7 fxe4 27. Bxe4 Bg5 28. Rf7 (28. g3 $14) 28... Rd4 $11 {The position is equal.} 29. Bd5 Rf4 30. Rxf4 exf4 {[%mdl 4096] Endgame KRB-KRB} 31. Re1 Bf6 32. Kf1 Bd4 33. Re2 Ra1+ 34. Re1 Ra2 35. Re2 Ra7 36. g3 fxg3 37. fxg3 Kg7 {Precision: White = 66%, Black = 70%.} 1/2-1/2

[Event "FIN-ch 2018"]
[Site "Helsinki"]
[Date "2018.06.18"]
[Round "8"]
[White "Sipila, Vilka"]
[Black "Nyysti, Sampsa"]
[Result "1-0"]
[WhiteElo "2383"]
[BlackElo "2322"]
[Annotator "NA"]
[PlyCount "109"]
[EventDate "2018.06.13"]
[EventType "tourn"]
[EventCountry "FIN"]
[SourceTitle "playchess.com"]
[Source "ChessBase"]
[SourceQuality "1"]
[TimeControl "40/5400+30:1800+30"]

1. d4 {[%emt 0:00:34]} Nf6 {[%emt 0:00:02]} 2. c4 {[%emt 0:00:19]} e6 {[%emt 0:00:07]} 3. Nc3 {[%emt 0:00:05]} Bb4 {[%emt 0:00:18]} 4. f3 {[%emt 0:00:15]} c5 {[%emt 0:00:17]} 5. d5 {[%emt 0:00:15]} d6 {[%emt 0:00:24]} 6. e4 {[%emt 0:01:20]} b5 {[%emt 0:00:42] E20: Nimzo-Indian: 4 g3 and 4 f3} (6... O-O 7. Nge2 b5 8. Ng3 exd5 9. cxd5 a6 10. a4 Ba5 11. Be2 Nbd7 12. O-O c4 13. Kh1 Rb8 14. axb5 axb5 15. Nf5 Nc5 16. Rxa5 Qxa5 {1-0 (37) Mamedyarov,S (2772)-Li,R (2577) chess.com INT 2017}) 7. Nge2 {[%emt 0:00:23]} bxc4 {[%emt 0:02:48]} 8. Nf4 {[%emt 0:00:26]} e5 {[%emt 0:06:19]} 9. Nfe2 {[%emt 0:00:08]} Nbd7 {[%emt 0:08:37]} 10. Ng3 {[%emt 0:01:18]} Nb6 {[%emt 0:02:14]} 11. Be2 {[%emt 0:00:16]} Qe7 $146 {[%emt 0:11:22]} ({Predecessor:} 11... g6 12. O-O Bxc3 13. bxc3 Nfd7 14. a4 {1-0 (32) Adhiban,B (2643)-Laxman,R (2456) Bhubaneswar 2018}) 12. O-O {[%emt 0:00:40]} h5 {[%emt 0:23:12]} 13. Bg5 {[%emt 0:02:10]} h4 {[%emt 0:00:25]} 14. Nh1 {[%emt 0:00:43]} Rh5 {[%emt 0:08:53]} 15. Qc1 {[%emt 0:11:21]} Bd7 {[%emt 0:01:54]} 16. Nf2 {[%emt 0:00:37]} O-O-O {[%emt 0:01:19]} 17. f4 {[%emt 0:02:42]} Rxg5 {[%emt 0:00:07]} 18. fxg5 {[%emt 0:00:10]} Nh7 {[%emt 0:00:07]} 19. Ncd1 {[%emt 0:08:42]} Qxg5 {[%emt 0:00:53]} 20. Ne3 {[%emt 0:00:23]} Kb8 $16 {[%emt 0:16:29]} 21. a3 {[%emt 0:13:45]} Ba5 {[%emt 0:00:19]} 22. Bxc4 {[%emt 0:00:15]} Nxc4 {[%emt 0:03:48]} 23. Nxc4 {[%emt 0:00:09]} Qxc1 {[%emt 0:00:11]} 24. Rfxc1 {[%emt 0:02:22]} Bc7 {[%emt 0:00:06]} 25. b4 {[%emt 0:00:09]} cxb4 {[%emt 0:00:19]} 26. Rab1 {[%emt 0:00:11]} Ka8 {[%emt 0:06:01]} 27. Nxe5 {[%emt 0:00:30]} Bb6 {[%emt 0:00:07]} 28. Nxd7 {[%emt 0:03:34]} Rxd7 {[%emt 0:00:05]} 29. Rxb4 {[%emt 0:00:19]} Nf6 {[%emt 0:00:25]} 30. Rc6 {[%emt 0:02:08]} Rd8 {[%emt 0:02:20]} 31. Kf1 {[%emt 0:00:46]} Bc5 {[%emt 0:00:27]} 32. Ra4 {[%emt 0:00:22]} Kb7 {[%emt 0:00:46]} 33. Nd3 {[%emt 0:01:09]} Bb6 {[%emt 0:00:10]} 34. Ke2 {[%emt 0:00:29]} Re8 {[%emt 0:04:02]} 35. Kf3 {[%emt 0:00:32]} Nxd5 {[%emt 0:00:10]} 36. Rxd6 {[%emt 0:02:11]} Nf6 {[%emt 0:00:21]} 37. e5 {[%emt 0:01:00]} Bc7 {[%emt 0:00:21]} 38. Rb4+ {[%emt 0:00:04]} Kc8 {[%emt 0:00:29]} 39. Rc4 {[%emt 0:00:11]} Kb7 {[%emt 0:00:57]} 40. Rb4+ {[%emt 0:00:00]} Kc8 {[%emt 0:00:02]} 41. Rc6 {[%emt 0:08:02]} Nd5 {[%emt 0:01:25]} 42. Rxh4 {[%emt 0:01:05]} Ne7 {[%emt 0:04:18]} 43. Rc3 {[%emt 0:01:31]} Ng6 {[%emt 0:00:07]} 44. Rhc4 {[%emt 0:01:27]} Re7 {[%emt 0:00:05]} 45. h4 {[%emt 0:00:26]} Kd8 {[%emt 0:00:24]} 46. h5 {[%emt 0:01:50]} Nxe5+ {[%emt 0:00:10]} 47. Nxe5 {[%emt 0:00:05]} Bxe5 {[%emt 0:00:04]} 48. Rd3+ {[%emt 0:00:06]} Rd7 {[%emt 0:00:27]} 49. Rxd7+ {[%emt 0:00:05]} Kxd7 {[%emt 0:00:02]} 50. Ra4 {[%emt 0:00:16]} Bb8 {[%emt 0:00:12]} 51. Ke4 {[%emt 0:00:05]} Ke6 {[%emt 0:00:24]} 52. Ra6+ {[%emt 0:00:05]} Ke7 {[%emt 0:00:04]} 53. Kf5 {[%emt 0:00:30]} Kd7 {[%emt 0:00:43]} 54. Ra4 {[%emt 0:00:12]} Ke7 {[%emt 0:00:11]} 55. Rb4 {[%emt 0:00:25]} 1-0